El Siglo XIX : (Record no. 69303)

MARC details
000 -LEADER
campo de control de longitud fija 00578nmm a2200193Ia 4500
008 - DATOS DE LONGITUD FIJA--INFORMACIÓN GENERAL
campo de control de longitud fija 251105s9999||||xx |||||||||||||||||und||
020 ## - NÚMERO INTERNACIONAL ESTÁNDAR DEL LIBRO
Número Internacional Estándar del Libro 8477370435
041 ## - CÓDIGO DE IDIOMA
Código de lengua del texto/banda sonora o título independiente spa
100 ## - ENTRADA PRINCIPAL--NOMBRE DE PERSONA
Nombre de persona Navascués, Pedro
245 #0 - MENCIÓN DEL TÍTULO
Título El Siglo XIX :
Resto del título Bajo el signo del romanticismo
264 ## - PRODUCCIÓN, PUBLICACIÓN, DISTRIBUCIÓN, FABRICACIÓN Y COPYRIGHT
Producción, publicación, distribución, fabricación y copyright [Madrid, España] :
Nombre del de productor, editor, distribuidor, fabricante Sílex Ediciones,
Fecha de producción, publicación, distribución, fabricación o copyright 1992
300 ## - DESCRIPCIÓN FÍSICA
Extensión 260 páginas
490 ## - MENCIÓN DE SERIE
Mención de serie Introducción al Arte Español
650 ## - PUNTO DE ACCESO ADICIONAL DE MATERIA--TÉRMINO DE MATERIA
Término de materia o nombre geográfico como elemento de entrada Arts in general
700 ## - ENTRADA AGREGADA--NOMBRE PERSONAL
Nombre de persona Navascués, Pedro
700 1# - ENTRADA AGREGADA--NOMBRE PERSONAL
Nombre de persona Quesada, María Jesús
856 ## - LOCALIZACIÓN Y ACCESO ELECTRÓNICOS
Identificador Uniforme de Recursos <a href="https://public.digitaliapublishing.com/a/1286">https://public.digitaliapublishing.com/a/1286</a>
942 ## - ELEMENTOS DE ENTRADA SECUNDARIOS (KOHA)
Tipo de ítem Koha Libro Digital

No items available.

Powered by Koha